LEADER 01120nas 2200385-a 450 001 996335842203316 005 20221208213020.0 035 $a(OCoLC)182625707 035 $a(CKB)1000000000222003 035 $a(CONSER)--2007262133 035 $a(EXLCZ)991000000000222003 100 $a20071130a20059999 s-- - 101 0 $aeng 135 $aur||||||||||| 181 $ctxt$2rdacontent 182 $cc$2rdamedia 183 $acr$2rdacarrier 200 00$aAssociations now 210 $aWashington, D.C. $cASAE & The Center for Association Leadership 311 $a1557-7562 606 $aExecutives$vPeriodicals 606 $aBusiness$vPeriodicals 606 $aBusiness$2fast$3(OCoLC)fst00842262 606 $aExecutives$2fast$3(OCoLC)fst00917875 608 $aPeriodicals.$2fast 615 0$aExecutives 615 0$aBusiness 615 7$aBusiness. 615 7$aExecutives. 712 02$aAmerican Society of Association Executives. 712 02$aCenter for Association Leadership. 906 $aJOURNAL 912 $a996335842203316 996 $aAssociations now$92317055 997 $aUNISA LEADER 01226nam 2200361 450 001 9910713435603321 005 20200625171737.0 035 $a(CKB)5470000002501299 035 $a(OCoLC)1152529527 035 $a(EXLCZ)995470000002501299 100 $a20200429d2020 ua 0 101 0 $aeng 181 $ctxt$2rdacontent 182 $cc$2rdamedia 183 $acr$2rdacarrier 200 00$aTips for teens$iHIV $ethe truth about HIV 205 $aRevised 2020. 210 1$a[Rockville, Md.] :$cSubstance Abuse and Mental Health Services Administration,$d2020. 215 $a1 online resource (2 unnumbered pages) $ccolor illustrations 300 $a"PEP NO. 20-03-03-002"--Page 2. 320 $aIncludes bibliographical references (page 2). 517 $aTips for teens 606 $aHIV infections$zUnited States$xPrevention 606 $aTeenagers$xHealth and hygiene$zUnited States 615 0$aHIV infections$xPrevention. 615 0$aTeenagers$xHealth and hygiene 712 02$aUnited States.$bSubstance Abuse and Mental Health Services Administration, 801 0$bGPO 801 1$bGPO 906 $aBOOK 912 $a9910713435603321 996 $aTips for teens$93321089 997 $aUNINA